000 00217 a2200097 4500
001 20334
100 _aHeywood R B
245 _aDesigning against fatigue
260 _a
_bChapman & Hall Ltd
_c
090 _c14825
_d14825
942 _aNUST-CAE
_cM
_c5364
999 _c255407
_d255407